| 000 | 00573nam a2200193 a 4500 | ||
|---|---|---|---|
| 005 | 20240228063952.0 | ||
| 008 | 081119s2007 es r 000 0 spa d | ||
| 020 | _a9788478718894 | ||
| 035 | _aUPN01000168011 | ||
| 049 | _aI | ||
| 050 | 4 |
_aPZ71 _bP3.3 |
|
| 100 | 1 |
_aParr, Todd _935549 |
|
| 245 | 1 | 0 |
_aLeer sienta bien / _cTodd Parr ; tr. Raquel Mancera. |
| 260 |
_aBarcelona, Esp. : _bSerres, _c2007. |
||
| 300 |
_a[28] p. : _bil. col. |
||
| 534 |
_pTítulo original : _tReading makes you feel good |
||
| 650 | 4 |
_aLibros y lectura para niños _92290 |
|
| 905 | _aInfantil | ||
| 999 |
_c140120 _d140120 |
||